000 00724nam a22002417a 4500
003 UA-OsUOA
001 684
007 ta
008 20050623b un ||||| |||| 00| 0 ukr d
090 _a94(477)152
942 _cBK
040 _aUA-OsUOA
_bukr
_cUA-OsUOA
_dUA-OsUOA
245 _aТобі, Україно
_cупор. О. Сліпушко
300 _a255 с.
955 _a1
041 _aukr
080 _a94(477)152
020 _a966-8436-05-9
260 _aК.
_bАконіт
_c2004
246 3 1 _aІсторія координаційного комітету допомоги україні в США 1991-2003
_n
650 7 _a9 Географія. Біографії. Історія
_2UDC
999 _c286852
_d286852